| 000 | 00597nam a22002057a 4500 | ||
|---|---|---|---|
| 999 |
_c7651 _d7651 |
||
| 003 | OSt | ||
| 005 | 20220124125345.0 | ||
| 008 | 220124b ||||| |||| 00| 0 eng d | ||
| 020 | _a9781848131804 | ||
| 040 | _cDDC | ||
| 082 | _a967.572 UVI 2009 | ||
| 100 |
_aUvin, Peter _915648 |
||
| 245 |
_aLife after violence : _ba people's story of Burundi |
||
| 260 |
_aNew York : _bZed; _c 2009 |
||
| 300 |
_axi, 211 pages ; _c 21 cm |
||
| 504 | _aIncludes references and index. | ||
| 650 |
_aBurundi -- History -- 1993- _915649 |
||
| 650 |
_aBurundi -- Social conditions. _915650 |
||
| 942 |
_2ddc _cBOOK |
||